MDQL
is popping MORE tags! Check the
thread
!
Quizzes
Events
Quiz Creation
Community
Videos
Private Events
Remove Ads
Sign In
Join for FREE
Feedback
Dark Mode
Quiz Categories
Sports
Geography
Music
Movies
Television
Just For Fun
Miscellaneous
History
Literature
Language
Science
Gaming
Entertainment
Religion
Holiday
For Kids
Quiz Lab
Recent
Popular Today
Quiz Kudos Today
Editor Picks
Curator Picks
Quizzes by...
Day
Popularity
Type
Ratings
Length
Year
Community
Subscriptions
Recent Discussions
Orange Saloon
Badges
Playlists
Quests
Create
Leaderboards
Showdown
Live 5
Trivia Bingo
Activity
Puzzle Library
Sporcle Events
Private Events
Virtual Trivia
Globe League
Become a Host
Pub Owners
SporcleCon
Opinionation
Our Games
Videos
Blog
Mobile Apps
Partnerships
Remove Ads and Go Orange
Feedback
Entertainment
Celebrity
Famous
Musical
Broadway
Show
Quote
Comic Books
Anime
Superhero
DC Comics
Marvel
Cartoons
Animation
Entertainment
Celebrity
Famous
Musical
Broadway
Show
Quote
Comic Books
Anime
Superhero
DC Comics
Marvel
Cartoons
Animation
Random Quiz
Search Sporcle
×
Quiz Lab
Quiz Lab
Entertainment
Movie Characters
Type answers based on single images at one time
Type answers based on single images at one time
Slideshow
Best Score? Go Orange.
Simplified Character Faces VI Stats
Can you guess the characters from these simplified faces?
By
Yo_C
6m
35 Questions
216 Plays
216 Plays
216 Plays
Comments
Comments
Give Quiz Kudos
Give Quiz Kudos
-
- Ratings
hide this ad
Replay
Link that replays current quiz
Next Quiz
Link to next quiz in quiz playlist
You Got
0%
They Got
Avg Score
44%
Avg Friend Score
Upgrade to see
Score Distribution
Jump to the score distribution portion of the page
Score
0/35
Timer
06:00
0
Plays Today
% Correct
Luigi
84.2%
The Cat in the Hat
83.3%
Scooby-Doo
81.9%
Simba
80%
Squidward
76.7%
Bert
73.5%
Arthur
67.9%
The Riddler
65.1%
The Mask
63.7%
Princess Fiona
60.9%
Woodstock
59.5%
Cyborg
56.3%
Elsa
55.8%
Jessie
52.6%
Red
51.6%
Gollum
51.2%
Knuckles
49.8%
Buttercup
47.4%
% Correct
Shredder
47.4%
Leela
43.7%
Cosmo
39.5%
Dr. Zoidberg
37.7%
Mr. Burns
36.7%
Quasimodo
34.4%
Clank
33%
Joffrey Baratheon
30.7%
Neytiri
20.9%
Coco Bandicoot
19.1%
Cammy
18.1%
Tali'Zorah nar Rayya
13.5%
The Governor
11.6%
Sniper
9.3%
Zer0
6%
John Marston
5.1%
Professor Calculus
4.2%
Quiz Playlist
Details
Report
Send in Message
Add To Playlist
Slideshow:
Type answers based on single images at one time
Last Updated: Feb 16, 2017
Quiz Scoreboard
CHALLENGE
Sign Up to Join the Scoreboard
Show All
Scores
Hide
Comments
May contain spoilers
Recently Published
Holiday 10x10 Sorting Gallery
by lukepisani3
Holiday
15m
Two Season TV Shows II
by 123Four
Television
10m
Image Sorting: Flags VI
by Barbecue
Geography
2m
More to Explore
Quiz From the Vault
Featured Blog Post
14 Easter Pick-up Lines to Find Eggs With
hide this ad
You Might Also Like...
Tags
Cartoons Quiz
Movie Characters Quiz
TV Show Quiz
Video Games Quiz
Cartoon Characters
Character
Fictional Characters
Video Game Characters
Today's Top Quizzes in Entertainment
Browse Entertainment
hide this ad
Today's Top Quizzes in Movie Characters
Browse Movie Characters
Top Contributed Quizzes in Entertainment
1
Marvel Classic Character Map
2
Movie-Themed Roller Coasters
3
Dragon Ball Z: Goku's Fights in Order
4
Marvel Characters Bunker
5
Sorting Pictures: Villains
6
Who stole Onew's chicken? (KPOP LOGIC QUIZ)
7
Haikyuu Logic Quiz
8
Celebrity Spelling Bee
9
JoJo's Bizarre Logic Quiz
10
Image Sorting: Anime
Explore More
Trending Topics
NBA
Harry Potter
Kpop
Crossword
Disney
Marvel
Anime
Puzzle
Country
The Office
NFL
Song
Soccer
Pokémon
WWE
hide this ad
More By:
Yo_C
Quiz
Plays
Rating
Category
Featured
Created
Find the PlayStation Characters
6,972
4.36
Gaming
Mar 12, 2016
Phonetic Celebrities
1,542
4.45
Language
Mar 26, 2016
Phonetic Transcriptions
1,187
4.91
Language
Mar 25, 2016
Simplified Character Faces
988
4.68
Entertainment
Mar 27, 2015
Ratchet & Clank Characters
365
5.00
Gaming
May 19, 2014
Go to Creator's Profile
Score Distribution
Quiz Creator Spotlight
Yo_C
Follow
Send a Message
Quizzes Created
-
Created Quiz Play Count
-
More By This Creator
Popular Quizzes Today
1
Find the US States - No Outlines Minefield
2
Colored Red Africa Blitz
3
Find the 'City' Movie
4
The Countries of the World
5
5x2 Blitz: Bands
6
Find the US States
7
Find the Countries of Europe - No Outlines Minefield
8
US States
More Entertainment Quizzes
Stan Lee Quotes
Editor's Pick
Trending Quizzes
Colored Red Europe Blitz I
Colored Red Europe Blitz II
Colored Red Africa Blitz II
Colored Red Europe Blitz III
Colored Red Africa Blitz III
Recently Updated
Odd Team Out - Big 4 Players
pecheneg
Quick Pick: 20 Twenties
pecheneg
March Madness Men's Triple Doubles
pecheneg
How Do You Spell That?
pecheneg
Godzilla Movies
pecheneg
Grab Bag: 4-10 Letters
pecheneg
2024 March Madness Bracket
pecheneg
Famous TV Couples
Peacemaker
Champions League XIs: Real Madrid
pecheneg
Largest US Cities 1790-2010
pecheneg
Trending Topics
Disney
NBA
Harry Potter
Anime
Kpop
Marvel
Crossword
NFL
Pokémon
Song
Country
Puzzle
The Office
WWE
Soccer
Your Account Isn't Verified!
In order to create a playlist on Sporcle, you need to verify the email address you used during registration. Go to your
Sporcle Settings
to finish the process.
Report this User
Report this user for behavior that violates our
Community Guidelines
.
Details:
Send Report
Go to the Sporcle.com Mobile Site →
Comments